Suki Evaro-part 1 / (Record no. 44132)

MARC details
000 -LEADER
fixed length control field 01128njm a22002657a 4500
005 - DATE AND TIME OF LATEST TRANSACTION
control field 20100907105050.0
006 - FIXED-LENGTH DATA ELEMENTS--ADDITIONAL MATERIAL CHARACTERISTICS--GENERAL INFORMATION
fixed length control field a|||||r|||||00| 0
007 - PHYSICAL DESCRIPTION FIXED FIELD--GENERAL INFORMATION
fixed length control field sd ammalaaahaa
008 - FIXED-LENGTH DATA ELEMENTS--GENERAL INFORMATION
fixed length control field 100907t xxu||||| |||| 00| 0 eng d
028 ## - PUBLISHER NUMBER
Publisher number GE.22773
Source Columbia
035 ## - SYSTEM CONTROL NUMBER
System control number GR-01046
040 ## - CATALOGING SOURCE
Original cataloging agency SED
Transcribing agency SED
100 ## - MAIN ENTRY--PERSONAL NAME
9 (RLIN) 17690
Personal name Mahalingam, T.R.
245 ## - TITLE STATEMENT
Title Suki Evaro-part 1 /
Statement of responsibility, etc by T.R. Mahalingam, Ramabhadran [and] Veeraraghavan
Medium [Sound Recording] :
246 ## - VARYING FORM OF TITLE
Title proper/short title सुकी एवारो -पार्ट १ / टी.र. महालिंगम द्वारा
260 ## - PUBLICATION, DISTRIBUTION, ETC. (IMPRINT)
Place of publication, distribution, etc Dum Dum India
Name of publisher, distributor, etc Columbia
300 ## - PHYSICAL DESCRIPTION
Extent 1 sound disc (Gramophone Recording)
Other physical details analog, 33 1/3 rpm
Dimensions 9.5 in. (MP)
Type of unit Gramophone Record
500 ## - GENERAL NOTE
General note Brief Record
505 ## - FORMATTED CONTENTS NOTE
Formatted contents note Side-2 सुकी एवारो -पार्ट २ (Suki Evaro-part 2) (T.R. Mahalingam, Ramabhadran & Veeraraghavan) )
650 ## - SUBJECT ADDED ENTRY--TOPICAL TERM
Topical term or geographic name as entry element Instrumental Classical Music
General subdivision Excerpts
Geographic subdivision India
9 (RLIN) 17691
700 ## - ADDED ENTRY--PERSONAL NAME
9 (RLIN) 17720
Personal name Ramabhadran
700 ## - ADDED ENTRY--PERSONAL NAME
Personal name Veeraraghavan
9 (RLIN) 18684
942 ## - ADDED ENTRY ELEMENTS (KOHA)
Source of classification or shelving scheme Dewey Decimal Classification
Item type Gramaphone Records
Holdings
Withdrawn status Lost status Source of classification or shelving scheme Damaged status Not for loan Collection code Home library Current library Date acquired Source of acquisition Total Checkouts Barcode Date last seen Copy number Price effective from Koha item type
    Dewey Decimal Classification   Not For Loan Non-fiction Central Library Central Library 07/09/2010 SED/VEN   GR-01046 07/09/2010 1 07/09/2010 Gramaphone Records

© Delhi Public Library
Hit Counter
free hit counter